[Event "Montcalm III 2015-16"]
[Site "Quebec"]
[Date "2015.11.19"]
[Round "1"]
[White "Chabot, Sebastien"]
[Black "Lamontagne, Danny"]
[Result "0-1"]
[WhiteElo "1261"]
[BlackElo "1888"]
[PlyCount "46"]
[EventDate "2015.11.19"]
[EventType "swiss"]
[EventRounds "5"]
[EventCountry "CAN"]
[SourceTitle "EXT 2019"]
[Source "ChessBase"]
[SourceDate "2018.10.10"]
[SourceVersion "1"]
[SourceVersionDate "2018.10.10"]
[SourceQuality "1"]

1. d4 Nf6 2. c4 e5 3. dxe5 Ng4 4. Nf3 Bc5 5. e3 Nc6 6. g3 Ngxe5 7. b3 Qf6 8. Be2 Nxf3+ 9. Bxf3 Qxa1 10. Qc2 Bb4+ 11. Nd2 Qf6 12. Bg2 d6 13. f4 Bf5 14. Be4 Bxe4 15. Qxe4+ Kd7 16. Kf2 Rae8 17. Qf3 Re7 18. Ne4 Qf5 19. a3 Qxe4 20. axb4 Nxb4 21. Qg4+ f5 22. Qe2 Qxh1 23. Bd2 Qxh2+ 0-1